000 00847nam a22001937a 4500
999 _c371735
_d371735
008 201127b ||||| |||| 00| 0 eng d
040 _aDE-2950
_bger
_cDE-2950
_erda
041 _ager
245 _aEin Weltmeister siegt zum Auftakt in Frankfurt.
_bDie 41. Internationale Oderrundfahrt ist am Donnerstagabend mit dem Großen Preis der Stadt Frankfurt (Oder) eröffnet worden. den Sieg auf der Auftaktetappe sicherte sich Theo Reinhardt. ...
_cFoto: Winfried Mausolf
264 _c2022
653 _aReinhardt, Theo; Radsportler
653 _aOderrundfahrt 2022
653 _aFrankfurt (Oder)
773 _dFrankfurt (Oder) Märkisches Verlags- und Druckhaus GmbH & Co KG
_tMärkische Oderzeitung
_g33. Jahrgang (2022) Nr. 157 vom 08.07.2022, S. 1 : Foto
942 _cA